000 00734nam a2200289Ia 4500
005 20260324150121.0
008 008 260324s9999 xx 000 0 eng d
020 _a9780203427477
037 _aEBOOK
040 _aCRL
040 _beng
040 _cCRL
041 _2eng
041 _aeng
084 _qCRL
100 _aHarry Johnson; Alexander Swoboda
_91225317
245 4 _aThe Economics of Common Currencies
245 0 _bProceedings of the Madrid Conference on Optimum Currency Areas
260 _bTaylor and Francis
260 _c1973
365 _a
365 _b230
856 _uhttp://www.taylorfrancis.com/books/9780203427477
942 _cEBOOK
999 _c1834235
_d1834235